Mapa Agronómico Nacional... Hoja nº 629. Toledo. Memoria. / (Record no. 135609)

MARC details
000 -LEADER
campo de control de longitud fija 01329nam a2200289 i 4500
001 - NÚMERO DE CONTROL
campo de control 135609
003 - IDENTIFICADOR DE NÚMERO DE CONTROL
campo de control ES-MaACL
005 - FECHA Y HORA DE LA ÚLTIMA TRANSACCIÓN
campo de control 20250407175224.0
007 - CAMPO FIJO DE DESCRIPCIÓN FÍSICA--INFORMACIÓN GENERAL
campo de control de longitud fija t|
008 - DATOS DE LONGITUD FIJA--INFORMACIÓN GENERAL
campo de control de longitud fija 070720q1943 sp ||||1| spa d
100 1# - ENTRADA PRINCIPAL--NOMBRE DE PERSONA
Nombre de persona Torrejón y Boneta, Angel de.
9 (RLIN) 110812
245 10 - MENCIÓN DEL TÍTULO
Título Mapa Agronómico Nacional... Hoja nº 629. Toledo. Memoria. /
Mención de responsabilidad, etc. Angel de Torrejón y Boneta.
260 ## - PUBLICACIÓN, DISTRIBUCIÓN, ETC.
Lugar de publicación, distribución, etc. Madrid :
Nombre del editor, distribuidor, etc. [s.n.],
Fecha de publicación, distribución, etc. [1943?] (
Fabricante Marcén)
300 ## - DESCRIPCIÓN FÍSICA
Extensión 178 p., 3 h., 5 lám. pleg., 2 map. sueltos n. 629 :
Otras características físicas il. ;
Dimensiones 24 cm.
500 ## - NOTA GENERAL
Nota general Es el n. 3.
500 ## - NOTA GENERAL
Nota general Precede al tít. Ministerio de Agricultura. Consejo Agronómico.
505 1# - NOTA DE CONTENIDO CON FORMATO
Nota de contenido con formato Contiene:
Título 1. Mapa Agronómico Nacional de España. Masas de cultivo y forestales. 629.
-- 2. Mapa Agronómico Nacional de España. Zona de Suelos. 629.
510 ## - NOTA DE CITAS O REFERENCIAS BIBLIOGRÁFICAS
Nombre de la fuente CCPB,
Localización dentro de la fuente 000754859-1
710 2# - ENTRADA AGREGADA--NOMBRE DE ENTIDAD CORPORATIVA
Nombre de entidad corporativa o nombre de jurisdicción como elemento de entrada Consejo Agronómico (España)
9 (RLIN) 5717
852 ## - LOCALIZACIÓN
Ubicación ES-MaACL
Número de control de estantería D-6591
Sublocalización o colección R.30926
-- R.M.6181
itemnumber 140513
Ubicación en estantería Planero
Marcas de propiedad Sello en tinta azul de la Biblioteca del Ateneo de Madrid
852 ## - LOCALIZACIÓN
Ubicación ES-MaACL
Número de control de estantería MAP-ARG/6-1
Sublocalización o colección R.30926
itemnumber 204664
Ubicación en estantería Planero
852 ## - LOCALIZACIÓN
Ubicación ES-MaACL
Número de control de estantería MAP-ARG/6-2
Sublocalización o colección R.30926
itemnumber 204665
Ubicación en estantería Planero
942 ## - ELEMENTOS DE ENTRADA SECUNDARIOS (KOHA)
Fuente del sistema de clasificación o colocación Clasificación decimal universal
Tipo de ítem Koha Libro impreso
Holdings
Estatus retirado Estado de pérdida Estado de daño No para préstamo Biblioteca de origen Biblioteca actual Ubicación en estantería Fecha de adquisición Fuente de adquisición Total de préstamos Signatura topográfica completa Código de barras Visto por última vez Precio de reemplazo Tipo de ítem Koha Fuente del sistema de clasificación o colocación
        Biblioteca del Ateneo de Madrid Biblioteca del Ateneo de Madrid Sala Valle Inclán 17/01/2008     D-6591 901141137 23/02/2023 23/02/2023 Libro impreso  
        Biblioteca del Ateneo de Madrid Biblioteca del Ateneo de Madrid Planero 04/03/2025     MAP-ARG/6-1 101229475 04/03/2025 04/03/2025 Mapa Clasificación decimal universal
        Biblioteca del Ateneo de Madrid Biblioteca del Ateneo de Madrid Planero 04/03/2025     MAP-ARG/6-2 101229476 04/03/2025 04/03/2025 Mapa Clasificación decimal universal